Stadt zu Land #23 - Statistiken

Allgemein
  • Dieses Quiz wurde 186 mal gespielt
  • Das Durchschnittsergebnis liegt bei 10 aus 15
Antwortstatistiken
Stadt Land % Korrekt
Dresden Deutschland
100%
Avignon Frankreich
94%
Casablanca Marokko
93%
Wuhan China
91%
Podgorica Montenegro
82%
Stavanger Norwegen
75%
Jerevan Armenien
74%
Christchurch Neuseeland
74%
Dhaka Bangladesch
63%
Cancun Mexiko
61%
Plovdiv Bulgarien
46%
Cali Kolumbien
41%
Ar-Raqqa Syrien
28%
Sousse Tunesien
26%
Kutaisi Georgien
16%
Keine übereinstimmenden Quizze gefunden
Verteilung der Resultate
Anzahl Personen mit jedem Resultat
Perzentil nach korrekt beantworteten Fragen
Ihre Resultats-Entwicklung
Sie haben dieses Quiz noch nicht gespielt